01007nam a2200229 a 4500001001000000003000500010005001700015008004100032010001100073011001100084040000900095100002700104245019900131260004100330500006000371502008200431650004300513650005100556650004300607650005700650856007000707000114765CHAP20220329144457.0180410s2018 mx a fsm |||||||spa d a111226 a112198 cCHAP1 aRuiz Delgado, Leonardo10aElaboración y evaluación del proyecto cemeterio ecológico, ubicado en el Parque Ecológico Cuitlahuac, Zona Sur, Iztapalapa, Ciudad de México /h[En línea]cpor Leonardo Ruiz Delgado. aChapingo, Méx. :bEl autor,c2018. aPara ver el contenido del material haga clic en la liga aTesis (Ing. en Rucursos Naturales Renovables) -- UACH. Departamento de Suelos14aCementeriosxDiseño y contrucción.14aParque ecológicoxDiseño y cosntrucción.14aProyectos de desarrolloxEvaluación.14aRecursos naturalesxConservaciónzMéxico (Edo.). aFinding aiduhttp://10.13.5.2/tesis/sist114765.pdfzTeclea aquí